| 000 -LEADER |
| fixed length control field |
00654nam a22002057a 4500 |
| 001 - CONTROL NUMBER |
| control field |
13805 |
| 003 - CONTROL NUMBER IDENTIFIER |
| control field |
BD-DhUAP |
| 005 - DATE AND TIME OF LATEST TRANSACTION |
| control field |
20200205183332.0 |
| 008 - FIXED-LENGTH DATA ELEMENTS--GENERAL INFORMATION |
| fixed length control field |
200205t20102008bg ||||| b||| 00| 0 eng d |
| 040 ## - CATALOGING SOURCE |
| Original cataloging agency |
BD-DhUAP |
| Language of cataloging |
Eng |
| Transcribing agency |
BD-DhUAP |
| Modifying agency |
BD-DhUAP |
| 082 ## - DEWEY DECIMAL CLASSIFICATION NUMBER |
| Edition number |
23 |
| Classification number |
343.54920994 UDD |
| 100 ## - MAIN ENTRY--PERSONAL NAME |
| Personal name |
Uddin, Md. Borhan. |
| 245 ## - TITLE STATEMENT |
| Title |
Principles of cyber law and other related laws / |
| Remainder of title |
Md. Borhan Uddin. |
| 260 ## - PUBLICATION, DISTRIBUTION, ETC. |
| Place of publication, distribution, etc. |
Dhaka : |
| Name of publisher, distributor, etc. |
Shams Publications, |
| Date of publication, distribution, etc. |
c2008 [2010]. |
| 300 ## - PHYSICAL DESCRIPTION |
| Extent |
[24], 552 pages ; |
| Dimensions |
22 cm. |
| 504 ## - BIBLIOGRAPHY, ETC. NOTE |
| Bibliography, etc. note |
Includes bibliography. |
| 650 ## - SUBJECT ADDED ENTRY--TOPICAL TERM |
| Topical term or geographic name entry element |
Cybar law |
| Geographic subdivision |
Bangladesh. |
| 650 ## - SUBJECT ADDED ENTRY--TOPICAL TERM |
| Topical term or geographic name entry element |
Software protection |
| Form subdivision |
Law and legislation |
| Geographic subdivision |
Bangladesh. |
| 942 ## - ADDED ENTRY ELEMENTS (KOHA) |
| Source of classification or shelving scheme |
|
| Koha item type |
Book |